Statistics for Viva Pinata: Trouble in Paradise Species

Click here to take the quiz!

General Stats

  • This quiz has been taken 7 times
  • The average score is 58 of 88

Answer Stats

Pinata Name% Correct
Barkbark
100%
Bunnycomb
100%
Buzzenge
100%
Candary
100%
Cluckles
100%
Crowla
100%
Doenut
100%
Eaglair
100%
Flapyak
100%
Flutterscotch
100%
Fourheads
100%
Fudgehog
100%
Galagoogoo
100%
Horstachio
100%
Kittyfloss
100%
Lemmoning
100%
Moozipan
100%
Mothdrop
100%
Mousemallow
100%
Parmadillo
100%
Pengum
100%
Ponocky
100%
Pretztail
100%
Reddhott
100%
Roario
100%
Shellybean
100%
Sparrowmint
100%
Swanana
100%
Syrupent
100%
Taffly
100%
Twingersnap
100%
Vulchurro
100%
Walrusk
100%
Whirlm
100%
Zumbug
100%
Arocknid
50%
Badgesicle
50%
Bispotti
50%
Bonboon
50%
Buzzlegum
50%
Camello
50%
Chewnicorn
50%
Chippopotamus
50%
Cinnamonkey
50%
Cocoadile
50%
Dragonache
50%
Dragumfly
50%
Elephanilla
50%
Geckie
50%
Goobaa
50%
Hoghurt
50%
Hootyfruity
50%
Jeli
50%
Juicygoose
50%
Lackatoad
50%
Lickatoad
50%
Limeoceros
50%
Macaracoon
50%
Mallowolf
50%
Moojoo
50%
Newtgat
50%
Parrybo
50%
Peckanmix
50%
Pieena
50%
Pigxie
50%
Polollybear
50%
Pudgeon
50%
Quackberry
50%
Raisant
50%
Rashberry
50%
Robean
50%
Salamango
50%
Sarsgorilla
50%
Sherbat
50%
Smelba
50%
S'morepion
50%
Squazzil
50%
Sweetle
50%
Sweetooth
50%
Tartridge
50%
Tigermisu
50%
Cherrapin
0%
Choclodocus
0%
Chocstrich
0%
Custacean
0%
Fizzlybear
0%
Jameleon
0%
Profitamole
0%

Score Distribution

Percentile by Number Answered

Percent of People with Each Score

Your Score History

You have not taken this quiz